000 01115nam a22003617a 4500
003 CHAP
005 20220817044047.0
008 051011d2004 it rn 00110 eng d
010 _a91290
011 _a92262
020 _a9251052425
035 _a102826
040 _cCHAP
082 0 4 _a632.93
_bF3 v.178
110 2 _aFAO
245 1 0 _aPesticide residues in food :
_breport 2004
_c/by FAO
260 _aRome :
_bFAO,
_c2004.
300 _a375 p.
490 0 _aFAO. Producción y protección vegetal
_v; 178
590 _aBATCH-UPD
_b10
_c20130110
_lUCH01
_h1753
590 _aBATCH-UPD
_b10
_c20130410
_lUCH01
_h1130
590 _aBATCH-UPD
_b10
_c20130914
_lUCH01
_h0209
590 _aCONVERSION
_b10
_c20130109
_lUCH01
_h1351
650 1 4 _aAlimentos
_xContaminacion por pesticidas.
_94208
650 1 4 _aPesticidas
_xResiduos.
_987570
650 1 4 _aPesticidas
_xToxicidad.
_987571
830 0 _aFAO. Producción y protección vegetal
_v; 178
_939654
901 _aBK
905 _aLilia
911 _aProceso
942 _cLIBRO
949 _a632.93 F3 v.178
_bBC
_cFAO
_d33724000973079
_eFAO1
_h107428
_i102826
_sb
999 _c91290
_d91290